Supercar Models - Statistics

General Stats
  • This quiz has been taken 98 times
  • The average score is 5 of 8
Answer Stats
Picture Answer % Correct
Revuelto
86%
Regera
84%
W1
69%
Zonda R
68%
F8
54%
Artura
53%
Vanquish
40%
AMG GT Black Series
33%
No matching quizzes found
Score Distribution
Percent of People with Each Score
Percentile by Number Answered
Your Score History
You have not taken this quiz